| 000 | 00379nam a2200157Ia 4500 | ||
|---|---|---|---|
| 005 | 20250423094457.0 | ||
| 008 | 250422s9999 xx 000 0 und d | ||
| 020 | _a083850227X | ||
| 050 | _aR 834.5 .A662/ | ||
| 245 | 0 | _aAppleton & lange’s review for the USMLE step 3 | |
| 260 | _aNorwalk | ||
| 260 | _bAppleton & Lange | ||
| 260 | _c1995 | ||
| 300 | _a252 p | ||
| 942 | _cBK | ||
| 999 |
_c27357 _d27357 |
||